000 00545nam a2200193Ia 4500
003 GCL
008 140319s9999 xx 000 0 ara d
040 _aGCL /
_cGCL
082 0 4 _a819.008
_bف ر
100 1 _aفوزى سعد عيسى
245 1 0 _aوسائل ومقامات أندلسية /
_cفوزى سعد عيسى
300 _a258
490 _a100 قصة
_v0
650 0 4 _aالادب العربى
650 0 4 _aالادب
650 0 4 _aالرسائل العربية
650 0 4 _aالمقامات العربية
942 _2ddc
_cBK
999 _c43823
_d43823